| 000 | 00782nam a2200229Ia 4500 | ||
|---|---|---|---|
| 003 | OSt | ||
| 005 | 20220923212326.0 | ||
| 006 | a|||||r|||| 00| 0 | ||
| 007 | ta | ||
| 008 | 220922b |||||||| |||| 00| 0 hin d | ||
| 024 | _a152,284 | ||
| 037 | _cTextual | ||
| 040 |
_aARTS _cARTS _bhin |
||
| 041 |
_2hin _ahin |
||
| 082 | _aN144x2:1, 152K5.1-.3 | ||
| 100 |
_aशुक्ल, द्विजेन्द्र नाथ _9162382 |
||
| 245 | 0 | _aसमरांगद्या सूत्रधार वास्तु शास्त्र | |
| 246 | _aSamarāangadyā sūtradhār vāstu shāstra | ||
| 260 | _c1965 | ||
| 942 |
_hN144x2:1, 152K5.1-.3 _cTEXL _2CC |
||
| 999 |
_c307933 _d307933 |
||